000 00948nam0a22002531 4500
001 v19\rc\1712680
005 20260406085907.0
035 _a(NLR Aleph) 005246154
090 _a5755922
_c5755922
100 _a20061002d1900 |||y0rusy50 ca
101 0 _arus
102 _aRU
105 _ab z |||c|
200 1 _aВселенная
_eС 29 рис. и 2 карт. звезд. неба
_eПопул.-астрон. очерк
_fЯ.В. Абрамов
210 _aСанкт-Петербург
_cтип. М. Меркушева
_d1900
215 _a[2], 132 с., [2] л. карт.
_d19
700 1 _7ca
_8rus
_aАбрамов
_bЯ. В.
_cпублицист
_f1858-1906
_gЯков Васильевич
_939483
_3RU\NLR\AUTH\7756551
801 2 _aRU
_bNLR
_c20080709
_2rusmarc
801 0 _aRU
_bNLR
_c20061002
_gpsbo
801 0 _aRU
_bRuMoRGB
_c20061002
_2psbo
801 1 _aRU
_bProSoft-M
_c20061002
_2rusmarc
852 _aNLR
_j20.75.5.23
942 _cBOOK
980 _aNB